000 00538nam a2200169 a 4500
005 20140412111242.0
008 020511s19uu xx 00 eng d
020 _a1-85758-374-4
050 _aTR(GS 372.3
_bH176 1996
100 _aHall, Godfrey
245 _aBack to basics: science for 6-7 year olds /
_cGodfrey Hall; illustrations by Barbara Linton.
260 _aLondon :
_bLetts Educational,
_c1996.
300 _a32 p. ; ill.
440 _aLetts Science, Key Stage 1
650 _aSciences
_xJuvenile literature
999 _c102802
_d102802